<?xml version="1.0" encoding="utf-8"?>
<?xml-stylesheet type='text/xsl' href='./oai2.xsl'?>
<OAI-PMH xmlns="http://www.openarchives.org/OAI/2.0/" xmlns:xsi="http://www.w3.org/2001/XMLSchema-instance" xsi:schemaLocation="http://www.openarchives.org/OAI/2.0/ http://www.openarchives.org/OAI/2.0/OAI-PMH.xsd">
  <responseDate>2026-06-05T19:47:24Z</responseDate>
  <request verb="GetRecord" metadataPrefix="marcxml" identifier="record_kuniweb_907096">https://kulturerbe.niedersachsen.de/oai</request>
  <GetRecord>
    <record>
      <header>
        <identifier>record_kuniweb_907096</identifier>
        <datestamp>2026-03-31T19:09:18Z</datestamp>
        <setSpec>slg0186</setSpec>
      </header>
      <metadata>
        <marc:record xmlns:marc="http://www.loc.gov/MARC21/slim" xsi:schemaLocation="http://www.loc.gov/MARC21/slim http://www.loc.gov/standards/marcxml/schema/MARC21slim.xsd">
          <marc:leader>12345nrm  22     uu 4500</marc:leader>
          <marc:controlfield tag="001">907096</marc:controlfield>
          <marc:controlfield tag="003">http://kuniweb.gbv.de</marc:controlfield>
          <marc:controlfield tag="005">2025-07-29T11:07:20</marc:controlfield>
          <marc:controlfield tag="008">|           ||||||||||||||||||||||</marc:controlfield>
          <marc:datafield tag="245" ind1="1" ind2="0">
            <marc:subfield code="a">Eckige Form mit langem Hals</marc:subfield>
          </marc:datafield>
          <marc:datafield tag="720" ind1=" " ind2=" ">
            <marc:subfield code="a">Lotte Reimers</marc:subfield>
          </marc:datafield>
          <marc:datafield tag="655" ind1=" " ind2="7">
            <marc:subfield code="a">Kunsthandwerk</marc:subfield>
          </marc:datafield>
          <marc:datafield tag="046" ind1=" " ind2=" ">
            <marc:subfield code="k">2006</marc:subfield>
            <marc:subfield code="k">2006 (Datierung)</marc:subfield>
          </marc:datafield>
          <marc:datafield tag="260" ind1=" " ind2=" ">
            <marc:subfield code="g">2006</marc:subfield>
            <marc:subfield code="g">2006 (Datierung)</marc:subfield>
          </marc:datafield>
          <marc:datafield tag="300" ind1=" " ind2=" ">
            <marc:subfield code="a">Höhe: 29,5 cm
Durchmesser: 11,5 cm (unregelmäßig)
Breite: 8,5 cm (fuß)
Tiefe: 8,5 cm (Fuß)</marc:subfield>
          </marc:datafield>
          <marc:datafield tag="520" ind1=" " ind2=" ">
            <marc:subfield code="a">Gebautes Gefäß mit flachem, kubischen Unterbau, darauf ein hoher, sich verjüngender Zylinderhals, unten weit über den Kubus ragend, mit drei scharfen Horizontalgraten. Die Öffnung ist leicht nach innen abgeschrägt.

Das Innere ist schwarz glasiert, das Äußere über schwarzem Fond rostrot mit hellen Schlieren.
 
Heller Schamotteton.
Glasur: Manganerz, Sienaerde, Walnussbaumasche.
Brand: E-Ofen, 1255° C (Büttner)

Inschrift:
"LR // 06" (Monogramm und Datierung, unter dem Boden, geritzt)

Aufschrift:
"47" (in Braunschwarz, unter dem Boden)

Veröffentlicht in:
L. Reimers und Jochem, M., „Keramik Lotte Reimers - Nachlese aus den Jahren 2000 bis 2007“. Lotte Reimers, Archiv, Deidesheim, 2018. (S. 78, Abb. 85, u. S. 118, Nr. 85.)

Veröffentlicht in:
L. Reimers, „Lotte Reimers : Keramiken aus 50 Jahren : Städtisches Museum Braunschweig, Haus am Löwenwall, Ausstellung 22. April - 24. Juli 2016“. Michael Imhof Verlag, Petersberg, 2016. (S. 92, Nr. 63.)</marc:subfield>
          </marc:datafield>
          <marc:datafield tag="650" ind1="1" ind2=" ">
            <marc:subfield code="a">Behältnis, Hülle &gt; Behältnis &gt; Gefäß</marc:subfield>
          </marc:datafield>
          <marc:datafield tag="650" ind1="1" ind2=" ">
            <marc:subfield code="a">Behältnis, Hülle &gt; Behältnis &gt; Gefäß &gt; Vase</marc:subfield>
          </marc:datafield>
          <marc:datafield tag="650" ind1="1" ind2=" ">
            <marc:subfield code="a">Gebrauchsgegenstand</marc:subfield>
          </marc:datafield>
          <marc:datafield tag="650" ind1="1" ind2=" ">
            <marc:subfield code="a">Zierobjekte</marc:subfield>
          </marc:datafield>
          <marc:datafield tag="773" ind1="0" ind2=" ">
            <marc:subfield code="t">Sammlung Kunstgewerbe</marc:subfield>
          </marc:datafield>
          <marc:datafield tag="852" ind1=" " ind2=" ">
            <marc:subfield code="a">Städtisches Museum Braunschweig</marc:subfield>
          </marc:datafield>
          <marc:datafield tag="852" ind1=" " ind2=" ">
            <marc:subfield code="a">Deidesheim (Rheinland-Pfalz)</marc:subfield>
          </marc:datafield>
          <marc:datafield tag="" ind1=" " ind2=" ">
            <marc:subfield code="a">Urheberrechtsschutz (InC)</marc:subfield>
          </marc:datafield>
        </marc:record>
      </metadata>
    </record>
  </GetRecord>
</OAI-PMH>
